| 000 | 01043cam a2200253 a 4500 | ||
|---|---|---|---|
| 005 | 20160826125648.0 | ||
| 008 | 160819s2006 ck ado r 000 0 spa d | ||
| 020 | _a9789587017809 | ||
| 040 |
_aCO-BoUCM _bspa _cSandra Palacio _dSandra Palacio |
||
| 041 | 0 | _aspa | |
| 245 | 0 | 0 |
_aExperiencias significativas en innovación pedagógica _ceditores Germán Jairo Hernández Pérez y Freddy Abel Vargas Cardozo |
| 260 |
_aBogotá (Colombia) _bUniversidad Nacional de Colombia _c2006 |
||
| 300 |
_a281 páginas _bilustraciones, fotos, gráficas y tablas |
||
| 504 | _aIncluye referencias bibliográficas | ||
| 650 | 1 | 7 |
_aInnovaciones educativas _917714 |
| 650 | 2 | 7 |
_aDesarrollo educativo _912960 |
| 650 | 2 | 7 |
_aPedagogía _921215 |
| 650 | 2 | 7 |
_aMétodos de enseñanza _919449 |
| 690 |
_aTeoría de la educación _925273 |
||
| 700 | 1 |
_aHernández Pérez, Germán Jairo _d1966 _978918 _eeditor |
|
| 700 | 1 |
_aVargas Cardozo, Freddy Abel _978919 _eeditor |
|
| 942 |
_2DEWEY _cLIBRO _a10 _e1 _h371.3078 _mE964es |
||
| 999 |
_c304140 _d304140 |
||